[Event "Stay Safe Play From Home 149"]
[Site "T#646041Emanuel Laske"]
[Date "2020.05.14"]
[Round "4"]
[White "Käptn"]
[Black "Tobo Rubirosa"]
[Result "1-0"]
[WhiteElo "2063"]
[BlackElo "1511"]
[Annotator "TA"]
[PlyCount "77"]
[EventDate "2020.05.14"]
[EventType "swiss (blitz)"]

{[%evp 16,77,41,29,25,16,28,20,66,50,68,57,105,112,110,106,126,119,139,114,181,122,122,121,122,122,463,457,447,293,384,285,390,409,609,597,577,577,618,625,29961,11690,29977,29978,29977,29978,29978,29979,29979,29980,29980,29980,29980,29981,29981,29982,29985,29985,29983,29984,29984,29985,29985,29986]} 1. c4 Nf6 2. g3 g6 3. Bg2 Bg7 4. Nc3 O-O 5. d4 d6 6. e3 c5 7. Nge2 Nc6 8. O-O Bg4 {is the legacy move (8...cxd4).} 9. h3 Bxe2 {E61: King's Indian: Early deviations for White, including Smyslov System.} 10. Nxe2 cxd4 11. exd4 {[#]} Nd7 $146 {The position is equal.} ({Predecessor:} 11... d5 12. cxd5 Nxd5 13. Qb3 Nb6 14. d5 Na5 15. Qb5 Nac4 16. Rb1 Nd6 17. Qd3 Rc8 18. Bf4 {½-½ (30) Kasimdzhanov,R (2685)-Al Modiahki,M (2562) Guangzhou 2010}) 12. Be3 e5 13. Qd2 exd4 14. Nxd4 Nxd4 15. Bxd4 Bxd4 16. Qxd4 Ne5 17. Rfd1 Qf6 (17... Qc7 $16) 18. b3 ({Don't take} 18. Bxb7 $6 Rab8 $14) (18. f4 $18) 18... Nf3+ $16 19. Bxf3 $1 Qxf3 20. Qxd6 Rad8 $2 {[%mdl 8192] [#] This move loses the game for Black.} (20... b6 $16 {is tougher.} 21. Rd3 Qf5) 21. Qxd8 $18 Rxd8 22. Rxd8+ {[%mdl 4096] Endgame KQ-KRR} Kg7 23. Rad1 Qc3 24. R8d7 Qb2 (24... h5 $142 25. Rxb7 h4 26. gxh4 Qxh3) 25. Rxb7 Qxa2 26. Rdd7 Qb1+ 27. Kg2 Qe4+ 28. Kh2 Qf3 29. Rxf7+ {White mates.} Qxf7 30. Rxf7+ Kxf7 {KP-KP} 31. b4 Kf6 32. f4 Kf5 33. Kg2 Ke4 34. c5 Kd5 35. Kf3 a5 36. bxa5 Kxc5 37. Kg4 Kb5 38. Kg5 Kxa5 39. Kh6 {Accuracy: White = 87%, Black = 48%.} 1-0

[Event "Stay Safe Play From Home 149"]
[Site "T#646041Emanuel Laske"]
[Date "2020.05.14"]
[Round "4"]
[White "Don59as"]
[Black "Nagaram"]
[Result "0-1"]
[WhiteElo "2023"]
[BlackElo "1676"]
[Annotator "RC"]
[PlyCount "94"]
[EventDate "2020.05.14"]
[EventType "swiss (blitz)"]

1. c4 {[%emt 0:00:02]} e5 {[%emt 0:00:00]} 2. Nc3 {[%emt 0:00:01]} Nc6 {[%emt 0:00:01]} 3. g3 {[%emt 0:00:00]} Nf6 {[%emt 0:00:01]} 4. Bg2 {[%emt 0:00:01]} Bc5 {[%emt 0:00:01]} 5. e3 {[%emt 0:00:01]} d6 {[%emt 0:00:00]} 6. Nge2 {[%emt 0:00:01]} Be6 {[%emt 0:00:00]} 7. Nd5 {[%emt 0:00:01]} Bxd5 {[%emt 0:00:03]} 8. cxd5 {[%emt 0:00:01]} Ne7 {[%emt 0:00:00]} 9. e4 {[%emt 0:00:01]} c6 {[%emt 0:00:00]} 10. Nc3 {[%emt 0:00:02]} Bb4 {[%emt 0:00:02]} 11. Qb3 {[%emt 0:00:03]} Bxc3 {[%emt 0:00:01]} 12. bxc3 {[%emt 0:00:00]} cxd5 {[%emt 0:00:01]} 13. exd5 {[%emt 0:00:03]} Rb8 {[%emt 0:00:03]} 14. O-O {[%emt 0:00:01]} O-O {[%emt 0:00:01]} 15. Ba3 {[%emt 0:00:03]} Qb6 {[%emt 0:00:02]} 16. c4 {[%emt 0:00:03]} Qxb3 {[%emt 0:00:02]} 17. axb3 {[%emt 0:00:01]} Rfd8 {[%emt 0:00:01]} 18. d3 {[%emt 0:00:01]} Ng6 {[%emt 0:00:01]} 19. Bb4 {[%emt 0:00:02]} b5 {[%emt 0:00:01]} 20. Ba5 {[%emt 0:00:05]} Rdc8 {[%emt 0:00:03]} 21. Rfb1 {[%emt 0:00:01]} bxc4 {[%emt 0:00:01]} 22. bxc4 {[%emt 0:00:00]} Rxb1+ {[%emt 0:00:01]} 23. Rxb1 {[%emt 0:00:00]} h6 {[%emt 0:00:02]} 24. Rb7 {[%emt 0:00:01]} Ra8 {[%emt 0:00:01]} 25. Bh3 {[%emt 0:00:02]} Kh7 {[%emt 0:00:05]} 26. Bf5 {[%emt 0:00:02]} Kg8 {[%emt 0:00:02]} 27. h4 {[%emt 0:00:01]} h5 {[%emt 0:00:02]} 28. Bb4 {[%emt 0:00:03]} Ne8 {[%emt 0:00:03]} 29. Bxg6 {[%emt 0:00:02]} fxg6 {[%emt 0:00:00]} 30. Ba5 {[%emt 0:00:01]} a6 {[%emt 0:00:01]} 31. Kg2 {[%emt 0:00:01]} Kf8 {[%emt 0:00:02]} 32. Kf3 {[%emt 0:00:00]} Nf6 {[%emt 0:00:02]} 33. Ke2 {[%emt 0:00:03]} Ng4 {[%emt 0:00:03]} 34. Rd7 {[%emt 0:00:01]} Rb8 {[%emt 0:00:05]} 35. Rxd6 {[%emt 0:00:01]} Rb2+ {[%emt 0:00:00]} 36. Kd1 {[%emt 0:00:02]} Ra2 {[%emt 0:00:00]} 37. Rxa6 {[%emt 0:00:01]} Kf7 {[%emt 0:00:02]} 38. d6 {[%emt 0:00:02]} Nxf2+ {[%emt 0:00:00]} 39. Kc1 {[%emt 0:00:01]} Ke6 {[%emt 0:00:01]} 40. Kb1 {[%emt 0:00:00]} Ra4 {[%emt 0:00:01]} 41. Ra7 {[%emt 0:00:00]} Rxa5 {[%emt 0:00:01]} 42. Rxa5 {[%emt 0:00:01]} Kxd6 {[%emt 0:00:00]} 43. Ra6+ {[%emt 0:00:00]} Kc5 {[%emt 0:00:01]} 44. Kc2 {[%emt 0:00:00]} Kd4 {[%emt 0:00:00]} 45. Rxg6 {[%emt 0:00:01]} Ne4 {[%emt 0:00:01]} 46. Rxg7 {[%emt 0:00:00]} Nd2 {[%emt 0:00:01]} 47. Rd7+ {[%emt 0:00:01]} Kc5 {[%emt 0:00:01]} 0-1

[Event "Stay Safe Play From Home 149"]
[Site "T#646041Emanuel Laske"]
[Date "2020.05.14"]
[Round "4"]
[White "Tumnik_ad"]
[Black "Lamborghini"]
[Result "0-1"]
[WhiteElo "1958"]
[BlackElo "2322"]
[Annotator "TA"]
[PlyCount "38"]
[EventDate "2020.05.14"]
[EventType "swiss (blitz)"]

{[%evp 9,37,-115,-108,-151,-108,-140,-136,-212,-215,-226,-226,-246,-253,-251,-204,-694,-705,-664,-614,-570,86,60,103,69,375,-759,-732,-29991,-29992,-29999]} 1. c3 e5 2. d3 d5 3. Nd2 f5 4. h3 Nf6 {[#]} 5. g4 $146 ({Predecessor:} 5. e4 fxe4 6. Nb3 exd3 7. Bxd3 Bd6 8. Bg5 O-O 9. Qd2 a5 10. a4 Bd7 11. Ne2 {0-1 (22) Rheindt,S (1462)-Edelmann,W GER email 2016}) 5... fxg4 6. Bg2 {A00: Irregular Openings.} Nc6 7. Nf1 Bc5 8. Ng3 (8. hxg4 $17 {might work better.} Nxg4 9. Nh3) 8... O-O $19 {Hoping for ...Bxf2+!} 9. Be3 Bxe3 10. fxe3 {[#]} e4 $1 {[%mdl 512]} 11. dxe4 Qd6 12. Nf5 $2 (12. Nf1) 12... Bxf5 13. exf5 Qg3+ 14. Kf1 Ne4 $2 (14... Ne7 $19 15. Qe1 Nxf5 16. Qxg3 Nxg3+ 17. Ke1 Nxh1 18. Bxh1 h5) 15. Qxd5+ $16 {[%mdl 64] [#] Double Attack} Kh8 {[%csl Ge4][%cal Rg3f2]} 16. Qxe4 Rae8 $2 {[%mdl 8192]} ({Better is} 16... Ne5 $14) 17. Qd5 $4 {[%mdl 8192]} (17. Qf4 $18 Qxf4+ 18. exf4 Rxf5 19. hxg4 Rxf4+ 20. Bf3) 17... Ne7 $19 {[%cal Bc6e7,Be7f5,Bf5e3][%mdl 32]} 18. Qe4 Nxf5 {[%csl Gg3][%cal Rf5e3][%mdl 64] Discovered Attack} 19. Qf4 Nxe3# {Accuracy: White = 33%, Black = 59%.} 0-1

[Event "Stay Safe Play From Home 149"]
[Site "T#646041Emanuel Laske"]
[Date "2020.05.14"]
[Round "4"]
[White "Ionutn28"]
[Black "Germanicus G"]
[Result "1-0"]
[WhiteElo "1846"]
[BlackElo "1235"]
[Annotator "NA RC"]
[PlyCount "47"]
[EventDate "2020.05.14"]
[EventType "swiss (blitz)"]

1. e4 {[%emt 0:00:02]} e6 {[%emt 0:00:00]} 2. d3 {[%emt 0:00:01]} d5 {[%emt 0:00:00]} 3. Nd2 {[%emt 0:00:00]} dxe4 {[%emt 0:00:01]} 4. dxe4 {[%emt 0:00:00]} Nc6 {[%emt 0:00:02]} 5. Ngf3 {[%emt 0:00:00]} e5 {[%emt 0:00:01]} 6. Bb5 {[%emt 0:00:02]} Bd6 {[%emt 0:00:02]} 7. O-O {[%emt 0:00:01]} Nf6 {[%emt 0:00:03]} 8. Re1 {[%emt 0:00:02]} O-O {[%emt 0:00:07]} 9. h3 {[%emt 0:00:01]} Bd7 {[%emt 0:00:03]} 10. Nc4 {[%emt 0:00:02]} Nd4 {[%emt 0:00:12]} 11. Bxd7 {[%emt 0:00:03]} Nxf3+ {[%emt 0:00:04]} 12. Qxf3 {[%emt 0:00:03]} Nxd7 {[%emt 0:00:00]} 13. Nxd6 {[%emt 0:00:03]} cxd6 {[%emt 0:00:02]} 14. Be3 {[%emt 0:00:02]} Qc7 {[%emt 0:00:01]} 15. c3 {[%emt 0:00:01]} Nc5 {[%emt 0:00:05]} 16. Rad1 {[%emt 0:00:01]} Rad8 {[%emt 0:00:04]} 17. Bxc5 {[%emt 0:00:01]} dxc5 {[%emt 0:00:03]} 18. Rd5 {[%emt 0:00:03]} Rxd5 {[%emt 0:00:03]} 19. exd5 {[%emt 0:00:00]} Qd6 {[%emt 0:00:01]} 20. c4 {[%emt 0:00:03]} f6 {[%emt 0:00:01]} 21. Qe4 {[%emt 0:00:01]} b6 {[%emt 0:00:01]} 22. f4 {[%emt 0:00:01]} exf4 {[%emt 0:00:03]} 23. Qe6+ {[%emt 0:00:01]} Qxe6 {[%emt 0:00:01]} 24. Rxe6 {[%emt 0:00:00] Zeit (Lag: Av=0.41s, max=1.1s)} 1-0

[Event "Stay Safe Play From Home 149"]
[Site "T#646041Emanuel Laske"]
[Date "2020.05.14"]
[Round "4"]
[White "Emresenar"]
[Black "Gibiz144"]
[Result "1-0"]
[WhiteElo "1788"]
[BlackElo "1606"]
[Annotator "NA RC"]
[PlyCount "95"]
[EventDate "2020.05.14"]
[EventType "swiss (blitz)"]

1. e4 {[%emt 0:00:02]} e6 {[%emt 0:00:00]} 2. Nf3 {[%emt 0:00:01]} b6 {[%emt 0:00:00]} 3. d4 {[%emt 0:00:01]} Bb7 {[%emt 0:00:00]} 4. Nc3 {[%emt 0:00:00]} Ne7 {[%emt 0:00:01]} 5. Bc4 {[%emt 0:00:00]} d6 {[%emt 0:00:01]} 6. O-O {[%emt 0:00:00]} g6 {[%emt 0:00:01]} 7. Re1 {[%emt 0:00:01]} Bg7 {[%emt 0:00:00]} 8. Be3 {[%emt 0:00:00]} Nd7 {[%emt 0:00:01]} 9. Bb3 {[%emt 0:00:00]} h6 {[%emt 0:00:01]} 10. Qd3 {[%emt 0:00:01]} a6 {[%emt 0:00:01]} 11. Rad1 {[%emt 0:00:00]} O-O {[%emt 0:00:01]} 12. h3 {[%emt 0:00:02]} Nc6 {[%emt 0:00:01]} 13. d5 {[%emt 0:00:01]} e5 {[%emt 0:00:01]} 14. dxc6 {[%emt 0:00:01]} Bxc6 {[%emt 0:00:01]} 15. Bd5 {[%emt 0:00:00]} Bxd5 {[%emt 0:00:02]} 16. Nxd5 {[%emt 0:00:00]} f5 {[%emt 0:00:02]} 17. Nc3 {[%emt 0:00:03]} f4 {[%emt 0:00:01]} 18. Bd2 {[%emt 0:00:01]} g5 {[%emt 0:00:01]} 19. Nh2 {[%emt 0:00:01]} Nf6 {[%emt 0:00:01]} 20. Ng4 {[%emt 0:00:01]} h5 {[%emt 0:00:01]} 21. Nxf6+ {[%emt 0:00:01]} Qxf6 {[%emt 0:00:01]} 22. Qf3 {[%emt 0:00:02]} Qg6 {[%emt 0:00:01]} 23. Nd5 {[%emt 0:00:01]} g4 {[%emt 0:00:01]} 24. Ne7+ {[%emt 0:00:01]} Kh7 {[%emt 0:00:05]} 25. Nxg6 {[%emt 0:00:04]} gxf3 {[%emt 0:00:01]} 26. Nh4 {[%emt 0:00:04]} fxg2 {[%emt 0:00:01]} 27. Kxg2 {[%emt 0:00:03]} Rg8 {[%emt 0:00:01]} 28. Kh2 {[%emt 0:00:01]} Bh6 {[%emt 0:00:01]} 29. Nf5 {[%emt 0:00:01]} Bg5 {[%emt 0:00:02]} 30. Rg1 {[%emt 0:00:01]} Bf6 {[%emt 0:00:02]} 31. f3 {[%emt 0:00:01]} h4 {[%emt 0:00:02]} 32. Rxg8 {[%emt 0:00:02]} Rxg8 {[%emt 0:00:01]} 33. Rg1 {[%emt 0:00:01]} Rg3 {[%emt 0:00:01]} 34. Rxg3 {[%emt 0:00:02]} hxg3+ {[%emt 0:00:01]} 35. Kg2 {[%emt 0:00:01]} Kg6 {[%emt 0:00:01]} 36. b3 {[%emt 0:00:02]} b5 {[%emt 0:00:03]} 37. c4 {[%emt 0:00:01]} bxc4 {[%emt 0:00:01]} 38. bxc4 {[%emt 0:00:00]} Bd8 {[%emt 0:00:01]} 39. Ba5 {[%emt 0:00:01]} Kf6 {[%emt 0:00:01]} 40. Nxd6 {[%emt 0:00:01]} Ke6 {[%emt 0:00:02]} 41. Nb7 {[%emt 0:00:03]} Kd7 {[%emt 0:00:02]} 42. Nxd8 {[%emt 0:00:01]} Kxd8 {[%emt 0:00:01]} 43. h4 {[%emt 0:00:00]} Kd7 {[%emt 0:00:01]} 44. h5 {[%emt 0:00:00]} c6 {[%emt 0:00:01]} 45. h6 {[%emt 0:00:00]} Ke6 {[%emt 0:00:01]} 46. h7 {[%emt 0:00:00]} Kf7 {[%emt 0:00:01]} 47. h8=Q {[%emt 0:00:00]} Ke6 {[%emt 0:00:01]} 48. Qh6+ {[%emt 0:00:01] Gibiz144 gibt auf (Lag: Av=0.48s, max=0.8s)} 1-0

[Event "Stay Safe Play From Home 149"]
[Site "T#646041Emanuel Laske"]
[Date "2020.05.14"]
[Round "4"]
[White "Trotsky"]
[Black "Lucknow"]
[Result "0-1"]
[WhiteElo "1618"]
[BlackElo "1767"]
[Annotator "NA RC"]
[PlyCount "62"]
[EventDate "2020.05.14"]
[EventType "swiss (blitz)"]

1. d4 {[%emt 0:00:01]} d5 {[%emt 0:00:01]} 2. e3 {[%emt 0:00:00]} c6 {[%emt 0:00:00]} 3. c4 {[%emt 0:00:01]} e6 {[%emt 0:00:01]} 4. Nc3 {[%emt 0:00:01]} Nf6 {[%emt 0:00:01]} 5. Nf3 {[%emt 0:00:01]} Bd6 {[%emt 0:00:00]} 6. c5 {[%emt 0:00:00]} Bc7 {[%emt 0:00:02]} 7. Bd3 {[%emt 0:00:01]} b6 {[%emt 0:00:01]} 8. Qc2 {[%emt 0:00:01]} bxc5 {[%emt 0:00:02]} 9. Bd2 {[%emt 0:00:01]} Nbd7 {[%emt 0:00:00]} 10. h4 {[%emt 0:00:01]} cxd4 {[%emt 0:00:01]} 11. exd4 {[%emt 0:00:01]} c5 {[%emt 0:00:01]} 12. Be3 {[%emt 0:00:01]} c4 {[%emt 0:00:01]} 13. Be2 {[%emt 0:00:01]} h6 {[%emt 0:00:01]} 14. O-O-O {[%emt 0:00:01]} Rb8 {[%emt 0:00:02]} 15. Kb1 {[%emt 0:00:01]} Bd6 {[%emt 0:00:01]} 16. Ka1 {[%emt 0:00:01]} Qb6 {[%emt 0:00:01]} 17. Rb1 {[%emt 0:00:01]} Bb7 {[%emt 0:00:01]} 18. Na4 {[%emt 0:00:06]} Qc7 {[%emt 0:00:01]} 19. Nc5 {[%emt 0:00:01]} Nxc5 {[%emt 0:00:02]} 20. dxc5 {[%emt 0:00:01]} Bxc5 {[%emt 0:00:00]} 21. Bd4 {[%emt 0:00:05]} Bxd4 {[%emt 0:00:02]} 22. Nxd4 {[%emt 0:00:01]} Qb6 {[%emt 0:00:02]} 23. Nf3 {[%emt 0:00:04]} Bc6 {[%emt 0:00:01]} 24. g4 {[%emt 0:00:04]} Ke7 {[%emt 0:00:03]} 25. Ne5 {[%emt 0:00:01]} Qc5 {[%emt 0:00:05]} 26. g5 {[%emt 0:00:01]} hxg5 {[%emt 0:00:02]} 27. hxg5 {[%emt 0:00:01]} Ne4 {[%emt 0:00:01]} 28. f3 {[%emt 0:00:03]} Nd6 {[%emt 0:00:02]} 29. Ng6+ {[%emt 0:00:03]} fxg6 {[%emt 0:00:02]} 30. Qxg6 {[%emt 0:00:01]} Nf7 {[%emt 0:00:01]} 31. Qf6+ {[%emt 0:00:02]} gxf6 {[%emt 0:00:01] Trotsky Ñäàåòñÿ (Lag: Av=0.28s, max=0.6s)} 0-1

[Event "Stay Safe Play From Home 149"]
[Site "T#646041Emanuel Laske"]
[Date "2020.05.14"]
[Round "5"]
[White "Lamborghini"]
[Black "Käptn"]
[Result "1-0"]
[WhiteElo "2326"]
[BlackElo "2065"]
[Annotator "TA"]
[PlyCount "101"]
[EventDate "2020.05.14"]
[EventType "swiss (blitz)"]

{[%evp 11,100,36,23,0,12,-7,37,16,44,29,60,46,121,40,72,48,86,75,72,56,292,148,423,317,604,307,327,326,1208,1191,1277,1265,1486,1483,1497,1364,1620,1326,1507,1479,2439,2522,2385,2529,1866,1424,1033,989,4927,927,4918,4918,2590,1997,29983,29983,29984,29985,29986,29985,29986,29987,29988,29989,29989,29990,29990,29991,29992,29987,29989,29990,29990,29991,29991,29992,29992,29992,29993,29993,29992,29992,29992,29993,29994,29993,29995,29994,29998,29997,29999]} 1. e4 Nf6 2. e5 Nd5 3. d4 d6 4. Nf3 dxe5 5. Nxe5 c6 6. Bc4 Nd7 7. Qe2 {B04: Alekhine's Defence: 4 Nf3.} Nxe5 8. dxe5 Be6 {[#]} 9. Bb3 $146 {White is slightly better.} ({Predecessor:} 9. O-O g6 10. a3 Bg7 11. f4 O-O 12. Bd3 Qc7 13. Nd2 Rad8 14. Nf3 c5 15. c4 {½-½ (27) Heinemann,T (2425)-Pajeken,W (2260) Hamburg 1997}) 9... Nc7 10. Nd2 (10. O-O {is more complex.} g6 11. f4 Bg7 12. Nc3 Qc8 13. Ne4) 10... Bxb3 11. axb3 e6 (11... g6 $14) 12. Ne4 (12. O-O $1 $16) 12... Be7 13. Bd2 O-O 14. O-O-O Nd5 15. c4 Nc7 $2 {[#]} ({Better is} 15... Qc7 $1 $14) 16. h4 (16. Bh6 $1 $18 {[%mdl 512]} Qc8 {[#]} (16... gxh6 17. Rxd8) 17. Qg4 $1 {[%mdl 512]}) 16... b5 $2 {[%mdl 8192] This costs Black the game.} (16... Na6 $16) 17. Bg5 Qe8 $2 (17... Nd5 18. cxd5 exd5) 18. Nd6 Bxd6 19. exd6 {d7 is the strong threat.} Na6 $2 (19... f6 20. Be3 Na6) 20. d7 $18 Qb8 21. d8=Q bxc4 22. Qxb8 Raxb8 23. Qxc4 Nb4 24. Rd7 a5 25. Rhd1 h6 26. Be7 Rfe8 27. Bxb4 Rxb4 28. Qxb4 axb4 29. Rd8 Rxd8 30. Rxd8+ {[%mdl 4096] Endgame KR-KP} Kh7 31. Rc8 Kg6 32. Rxc6 Kh5 33. Rc4 {White mates.} e5 34. Rxb4 f5 35. Rb5 f4 36. Rxe5+ Kxh4 {KR-K3P} 37. b4 g5 38. b5 h5 39. b6 g4 {[#]} 40. Rxh5+ $1 {[%mdl 64] Promotion} Kxh5 {KP-KP} 41. b7 f3 42. g3 Kg5 43. b8=Q Kf6 44. Qf4+ Kg6 45. Qxg4+ Kf6 46. Qxf3+ Ke5 47. Qf4+ Kd5 48. Qe3 Kc4 49. Qd2 Kb3 50. Qc3+ Ka2 51. Qa3# {Accuracy: White = 63%, Black = 15%.} 1-0

[Event "Stay Safe Play From Home 149"]
[Site "T#646041Emanuel Laske"]
[Date "2020.05.14"]
[Round "5"]
[White "Indianquant"]
[Black "Weltszmerc"]
[Result "0-1"]
[WhiteElo "2309"]
[BlackElo "2110"]
[Annotator "TA"]
[PlyCount "25"]
[EventDate "2020.05.14"]
[EventType "swiss (blitz)"]

{[%evp 6,6,29]} 1. Nf3 Nf6 2. c4 d5 3. d4 c6 {[#] Not much happened in this game.} {Predecessor:} 4. Nbd2 $146 Bf5 5. Nh4 Be4 6. Qb3 {D11: Slav Defence: 3 Nf3 sidelines and 3...Nf6 4 e3 Bg4.} Qb6 7. f3 Bg6 8. Nxg6 hxg6 9. e3 e6 10. Bd3 Nbd7 11. Qxb6 axb6 12. f4 dxc4 13. Nxc4 {0-1 (44) Grandelius,N (2691)-Carlsen,M (2876) chess24.com INT 2020} 0-1

[Event "Stay Safe Play From Home 149"]
[Site "T#646041Emanuel Laske"]
[Date "2020.05.14"]
[Round "5"]
[White "Mepe_Nika"]
[Black "Popovic Milan"]
[Result "0-1"]
[WhiteElo "2273"]
[BlackElo "2680"]
[Annotator "TA"]
[PlyCount "114"]
[EventDate "2020.05.14"]
[EventType "swiss (blitz)"]

{[%evp 9,114,7,18,0,5,-13,376,381,402,391,395,369,371,371,372,371,389,367,367,147,366,197,244,143,149,145,150,136,161,148,171,60,125,22,204,59,83,72,66,70,70,65,193,187,248,248,238,244,503,511,1649,990,899,257,254,245,974,961,1578,1537,1414,112,420,383,1204,892,1110,882,825,685,966,244,229,189,861,845,811,60,84,41,667,657,498,421,939,822,725,491,486,8,8,8,160,8,10,-8,-8,-29976,-29977,-29977,-29971,-29976,-29977,-29979,-29974,-29978,-29976]} 1. g3 Nf6 2. Bg2 d6 3. d3 Nbd7 4. Nc3 e5 5. e4 c6 6. h3 {A00: Irregular Openings.} Be7 {[#]} 7. f4 $146 ({Predecessor:} 7. a3 b5 8. f4 Qb6 9. f5 Bb7 10. Nf3 a6 11. Qe2 Qc7 12. O-O O-O 13. g4 {0-1 (44) Bermudez Valles,J (1288)-Bellagamba,P (1632) Madrid 2019}) 7... Nh5 $2 {[%mdl 8192]} (7... O-O $11 {and Black has nothing to worry.}) 8. Qxh5 $18 {White is winning.} Nf6 9. Qe2 b5 10. f5 h6 11. g4 a5 12. Nf3 Ba6 13. Nd1 b4 14. Ne3 (14. Nf2 $18 {is more deadly.}) 14... Qc7 $2 (14... Nxe4 $16 15. Rg1 Nc5) 15. Bd2 (15. Nd2 $142) 15... Nxe4 16. O-O (16. Nxe5 $1 $18 Bh4+ 17. Kd1 Nf2+ 18. Kc1 dxe5 19. Be1) 16... Ng3 $16 17. Qf2 Nxf1 18. Rxf1 (18. Qxf1 e4 $11) (18. Bxf1 O-O $16) 18... d5 19. Re1 $1 {Hoping for Nxe5!} O-O 20. h4 ({Better is} 20. Nxe5 $18 Bc5 21. Nf3) 20... Rfe8 (20... e4 $14 21. dxe4 dxe4) 21. g5 (21. Nxe5 $16 Qxe5 22. Nxd5 {[%mdl 64] Pin} Qxe1+ 23. Bxe1 cxd5 24. Kf1 (24. Bxd5 Rad8 $14)) 21... hxg5 $2 (21... Bd6 $1 $11 {and Black stays safe.} 22. Nf1 e4 23. dxe4 Bxf1) 22. hxg5 (22. Nxg5 $18 Qd6 23. Kh1) 22... e4 $14 23. dxe4 dxe4 24. Nd4 $36 {[%mdl 2048] White is more active.} Bxg5 25. Ng4 e3 (25... Qd8 $1 $14) 26. Bxe3 $18 Bxe3 (26... Qd6 $142) 27. Rxe3 ({Not} 27. Nxe3 Bb7 $16) 27... Rxe3 28. Qxe3 {f6 is the strong threat.} (28. Nxe3 Qd6 $11) 28... Rd8 $2 (28... Qd6 {is a better defense.} 29. f6 (29. Bxc6 Rd8 $16) 29... Bc8) 29. f6 {Qg5! would kill now.} Qb6 (29... Rxd4 $142 30. Qxd4 Bc8 31. fxg7 Bxg4 32. Qxg4 Qb6+ 33. Kf1 Qb5+ 34. Ke1 Qe5+ 35. Be4 c5) 30. c3 bxc3 {[#]} 31. bxc3 $2 (31. Nh6+ $1 {[%mdl 512]} Kh7 (31... gxh6 32. Qg3+) 32. fxg7) 31... Qb1+ 32. Kf2 $1 (32. Kh2 Qh7+ 33. Kg3 Bc8 $16) 32... Qb2+ $2 (32... Qd3 33. Qf4 (33. Bxc6 Qxe3+ 34. Kxe3 Bc8 $16) 33... Bc8) 33. Kg3 {Intending Qg5! and mate.} Qb8+ 34. Kh3 {Threatening mate with Qg5!} Bc8 {[#]} 35. fxg7 $2 (35. Qg5 $1 $18 {[%csl Gf6][%cal Rg5g7]} Bxg4+ 36. Kxg4 Rxd4+ 37. cxd4 Qc8+ {[#]} 38. Kg3 $1 {[%mdl 512]} Qb8+ 39. Kg4 $1 {[%mdl 512]} Qc8+ 40. Kh4 $1 {[%mdl 512]}) 35... Bxg4+ $2 {[%mdl 8192]} (35... Qd6 $16) 36. Kxg4 Qd6 $2 (36... Rd6 37. Be4 Rf6) 37. Qg5 Qg6 38. Qxg6 fxg6 39. Bxc6 Rd6 40. Be4 $2 (40. Kf4 Rf6+ 41. Ke5) 40... Kxg7 41. Kf4 Rf6+ $2 (41... Kf6 42. Bc6 Rd8) 42. Ke3 Rb6 43. Nf3 $2 (43. c4 $18 {Threatens to win with c5.} Kf7 44. c5) 43... Rb2 $14 44. Bd5 Rb5 $2 {[%mdl 8192]} (44... Kf6 $14) 45. c4 $18 Rb1 46. c5 Rc1 (46... Kf6 $142 47. c6 Ke7) 47. c6 Kf6 48. Nd4 Ke5 49. Be4 $2 (49. Ne2 $18 Rc5 50. Be4) 49... Rc3+ $11 50. Bd3 Rc5 $2 (50... g5 $11) 51. a4 $2 ({Only move:} 51. Bxg6 $16 {Strongly threatening Kd3.} Rc3+ 52. Bd3) 51... g5 52. Bb5 {Black must now prevent Nb3!} Rc3+ 53. Kd2 $2 {[%mdl 8192]} (53. Bd3 $11) 53... Kxd4 {Black mates.} 54. Ke2 Rc5 55. Kd2 Ke5 56. c7 Kd6 57. c8=Q Rxc8 {Accuracy: White = 37%, Black = 32%.} 0-1

[Event "Stay Safe Play From Home 149"]
[Site "T#646041Emanuel Laske"]
[Date "2020.05.14"]
[Round "5"]
[White "Little champs"]
[Black "SoulofWolf"]
[Result "0-1"]
[WhiteElo "2120"]
[BlackElo "2088"]
[Annotator "TA"]
[PlyCount "72"]
[EventDate "2020.05.14"]
[EventType "swiss (blitz)"]

{[%evp 15,72,9,13,7,43,18,18,13,14,25,20,5,140,0,0,0,18,0,0,-68,-71,-235,-225,-221,-228,-260,-264,-258,221,-279,-248,-248,-239,-353,-335,-388,-409,-537,-512,-566,-491,-1764,-1654,-2220,-2115,-5600,-5506,-29974,-29975,-29989,-29983,-29988,-29988,-29991,-29990,-29995,-29995,-29995,-29996]} 1. d4 e6 2. g3 d5 3. Bg2 c6 4. Nf3 Nf6 5. O-O Nbd7 6. c4 Bd6 7. cxd5 cxd5 8. Nc3 O-O {[#]} 9. a4 $146 {A11: English Opening: 1...c6.} ({Predecessor:} 9. Bf4 Bxf4 10. gxf4 b6 11. Ne5 Bb7 12. Rc1 Rc8 13. Qd3 Qe7 14. Rc2 g6 15. Rfc1 a6 16. a3 Nb8 {½-½ (43) Bruzon Batista,L (2628)-Perez Garcia,R (2420) Solsones 2004}) 9... a5 10. Nd2 b6 11. e4 {The position is equal.} dxe4 12. Ndxe4 Nxe4 13. Nxe4 Bc7 (13... Bb4 $11) 14. Ng5 (14. Bg5 $16 f6 15. Nxf6+ $1 {[%mdl 512]} Nxf6 16. Bxa8) 14... Rb8 15. Qd3 {[%csl Gg5][%cal Rd3h7]} g6 16. h4 Nf6 {[%cal Bd7f6,Bf6h5,Bh5f4][%mdl 32]} 17. h5 (17. Rd1 $11) 17... Nxh5 $15 18. g4 $2 (18. Rd1 $17 {is a better defense.}) 18... Nf4 19. Bxf4 Bxf4 20. Nh3 Bh6 21. Qg3 Bg7 $4 {[%mdl 8192]} (21... Bd7 $19 {and life is good for Black. Strongly threatening ...b5.} 22. d5 exd5 23. Bxd5 {[#]} Bxg4 $1 {[%mdl 512]} 24. Bxf7+ Rxf7 25. Qxg4 Qf6) 22. Rad1 $4 {[%mdl 8192]} (22. Qxb8 $18 {is the narrow road to win. Black must now prevent Rad1.} Bxd4 23. Qf4) 22... Bb7 23. Bxb7 Rxb7 {[%cal Bb8b7,Bb7d7,Bd7d4][%mdl 32]} 24. f4 (24. d5 $142) 24... Rd7 $19 ({Resist} 24... Bxd4+ 25. Kg2 $19) 25. Kh1 Rxd4 26. Rde1 Qd5+ 27. Kg1 {[#]} Rd3 $1 28. Re3 (28. Qg2 $142) 28... Bd4 29. Rfe1 Qc5 30. Kf2 Rd8 31. f5 exf5 {Black mates.} 32. gxf5 Re8 {[%mdl 64] Pin} 33. fxg6 hxg6 34. Nf4 Rdxe3 35. Nxg6 Rxg3+ 36. Kxg3 Rxe1 {Accuracy: White = 31%, Black = 72%.} 0-1